| 000 | 00960nam a2200277Ia 4500 | ||
|---|---|---|---|
| 005 | 20220316235717.0 | ||
| 008 | 121119s1999 sp a gr 000 j spa | ||
| 020 | _a8477207364 | ||
| 041 | 1 | _aspa | |
| 100 | _aBaum, Frank Lyman, 1856-1919 | ||
| 245 | 1 | 3 |
_aEl maravilloso mago de Oz _cFrank L. Baum ; traducción de Francisco Avellano ; ilustraciones de W. W. Denslow |
| 250 | _aPrimera edición | ||
| 300 |
_a198 páginas _bilustraciones _c21 cm |
||
| 650 | 1 | 4 |
_aCuentos infantiles estadounidenses _2LEMB |
| 650 | 1 | 4 |
_aMagos _vCuentos infantiles _2LEMB |
| 650 | 1 | 4 |
_aFantasía _vCuentos infantiles _2LEMB |
| 700 | 1 |
_aAvellano, Francisco _etraductor _933494 |
|
| 700 | 1 |
_aDenslow, W. W. _eilustrador _933495 |
|
| 942 |
_2loc _cBKLIT |
||
| 264 |
_aBarcelona _bObelisco _c1999 |
||
| 336 |
_atexto _btxt _2rdacontent |
||
| 337 |
_asin mediación _bn _2rdamedia |
||
| 338 |
_avolumen _bnc _2rdacarrier |
||
| 040 |
_aCO-BoRNBP _bspa _erda _cCO-BoRNBP |
||
| 084 | _aN BAU2 | ||
| 999 |
_c1906 _d1906 |
||